000 00541nam a2200217Ia 4500
003 OSt
005 20220928145532.0
006 a|||||r|||| 00| 0
007 ta
008 220927b |||||||| |||| 00| 0 eng d
024 _a81069
037 _cTextual
040 _aSDCL
_cSDCL
_beng
041 _2eng
_aeng
082 _aXM8:6, M7
100 _aBen - Horim Moshe
_9513296
245 0 _aEssentials of corporate finance.
260 _c1987
942 _hXM8:6, M7
_cTEXL
_2CC
999 _c833944
_d833944